Los cinco años de Flores y los desafíos del nuevo gobierno

Na minha lista:
Detalhes bibliográficos
Formato: Texto
Tags: Adicionar Tag
Sem tags, seja o primeiro a adicionar uma tag!

MARC

LEADER 00000 a a2200000 04500
001 42588
003
040
245 |a Los cinco años de Flores y los desafíos del nuevo gobierno  
773 |g volumen24, número1100 ( , 2004), 16 páginas  
999 |c 34708  |d 34708